000 00963nam a22002777a 4500
005 20220329141307.0
008 971010s1983 r 00010 d
010 _a65936
011 _a66908
035 _a75893
090 _aTesis
100 0 0 _aRamírez Pérez, Filemón.
_994186
245 _aEvaluación de índices de eficiencia como sustitutos de índice de cosecha en maíz (Zea mays L.)
260 _aChapingo, Méx. :
_bEl autor,
_c1983
300 _a43 h.
_b; láms
500 _a1992-703
502 _aTesis (Ing. Agr. Esp. en Fitotecnia) -- UACH. Departamento de Fitotecnia
590 _aALEPH
_b10
_c20130110
_lUCH01
_h1359
590 _aBATCH-UPD
_b10
_c20130110
_lUCH01
_h2051
590 _aBATCH-UPD
_b10
_c20130410
_lUCH01
_h1405
590 _aBATCH-UPD
_b10
_c20130914
_lUCH01
_h1754
590 _aCONVERSION
_b10
_c20130109
_lUCH01
_h1336
650 1 4 _aMaíz
_xRendimiento.
_971051
901 _aBK
949 _bZA
_cTESBD
_d-8895
_eTS1
_h188
_i75893
_si
999 _c65936
_d65936